000 01199nam a2200361Ia 4500
001 dia_5263
003 CHAP
005 20251023151315.0
008 220117s2013 xx 000 0 und d
010 _a176172
020 _a978-607-477-931-8
040 _cCHAP
082 _a174.962 S26 2013
100 _aSancén Contreras , Fernando
_9102015
245 _aLa ética frente a las nanociencias y las nanotecnologías /
_c Fernando Sancén y Anita Gramigna
260 _aMéxico :
_b UAM, Unidad Xochimilco, División de Ciencias Sociales y Humanidades,
_c2013
300 _a129 p.
440 _aTeoría y Análisis
_9124632
500 _aTítulo original: L`ethos al tiempo delle nanotecnologie
504 _aBibliografía: p. 123-129
590 _aQC176.8N35 S26 2013
650 _aEthics
_9147118
650 _aÉtica
_982776
650 _aNanociencia
_9158031
650 _aNanoscience
_9158032
650 _aNanotecnología
_980115
650 _aNanotecnology
_9158033
700 _aGramigna, Anita, coaut.
_9158034
901 _a174.962 S26 2013
902 _aM
905 _a5232272013 mx x 8222113312spa16
942 _cLIBRO
_2ddc
999 _c176172
_d176172